Sélectionneurs Français en Coupe du Monde de Football - Statistiques

Statistiques générales
  • Ce quiz a été pris 48 fois
  • Le résultat moyen est 9 sur 29
Statistiques - réponses
Hint Extra Hint Réponse % Correct
2022 France Didier Deschamps
82%
2018 France Didier Deschamps
74%
2014 France Didier Deschamps
68%
1998 France Aimé Jacquet
55%
2022 Arabie Saoudite Hervé Renard
50%
2006 France Raymond Domenech
50%
2010 France Raymond Domenech
50%
1958 France Albert Batteux
39%
2018 Maroc Hervé Renard
37%
1978 France Michel Hidalgo
32%
1982 France Michel Hidalgo
32%
2002 France Roger Lemerre
32%
1986 France Henri Michel
29%
2002 Sénégal Bruno Metsu
24%
1998 Cameroun Claude Le Roy
21%
2010 Cameroun Paul Le Guen
21%
2002 Japon Philippe Troussier
21%
1938 France Gaston Barreau
18%
2006 Tunisie Roger Lemerre
18%
1962 Espagne Helenio Herrera
16%
1994 Cameroun Henri Michel
16%
1998 Afrique du Sud Philippe Troussier
16%
1998 Maroc Henri Michel
13%
2006 Côte d'Ivoire Henri Michel
13%
1930 France Raul Chaudron
13%
2014 Côte d'Ivoire Sabri Lamouchi
13%
1966 France Henri Guérin
11%
1982 Cameroun Jean Vincent
8%
1954 France Pierre Pibarot
5%
Aucun quiz correspondant
Distribution des résultats
% des personnes avec chaque résultat
Percentile par nombre de réponses
Votre historique - résultats
Vous n’avez pas pris ce quiz